[Event "45th FIDE Chess Olympiad Open"]
[Site "Budapest, Hungary"]
[Date "2024.09.11"]
[Round "1.50"]
[White "Vallejo Pons, Francisco"]
[Black "Glaves, Raheem"]
[Result "1-0"]
[WhiteElo "2657"]
[BlackElo "2094"]
[PlyCount "81"]
[EventDate "2024.??.??"]
[WhiteTeam "Spain"]
[BlackTeam "Jamaica"]
[WhiteTeamCountry "ESP"]
[BlackTeamCountry "JAM"]
[WhiteClock "0:24:22"]
[BlackClock "0:11:01"]

1. e4 d6 2. d4 Nd7 3. c4 g6 4. Nc3 Bg7 5. Bg5 h6 6. Be3 ({RR} 6. Bh4 g5 7. Bg3 c5 8. d5 h5 9. h4 g4 10. Bd3 a6 11. Nge2 b5 12. Qd2 bxc4 13. Bxc4 Rb8 14. O-O Ngf6 15. Rae1 Qa5 16. e5 dxe5 17. Nc1 Bh6 18. Qc2 Kf8 19. Nd3 e4 20. Nxe4 Nxe4 {Toniutti,E (2208)-Salinas Herrera,P (2485) chess.com INT 2024 1-0 (31)}) 6... e6 ({RR} 6... b6 7. Bd3 Bb7 8. Nge2 e6 9. Qd2 a6 10. O-O Ne7 11. f4 c5 12. f5 gxf5 13. exf5 Nxf5 14. Bxf5 exf5 15. Ng3 Rg8 16. Nxf5 Qc7 17. d5 Ne5 18. Bxh6 Bh8 19. Bg5 f6 20. Bf4 O-O-O 21. Bxe5 {Dreev,A (2673)-Rapport,R (2687) Warsaw 2013 1-0 (35)}) 7. Bd3 Ne7 8. Nge2 $146 ({RR} 8. Qd2 b6 9. f3 Bb7 10. Nge2 a6 11. Bc2 Qb8 12. O-O Nf6 13. b4 a5 14. a3 g5 15. Ba4+ Kf8 16. c5 axb4 17. axb4 Ng6 18. c6 Ba6 19. b5 Bc8 20. Ra3 e5 21. Rfa1 Ke7 22. Bb3 Rxa3 {Giessmann,S (2203)-Oschetzki,S (2066) Nittenau 2004 1-0 (40)}) ({RR} 8. Qd2 a6 9. Nge2 b6 10. O-O f5 11. exf5 exf5 12. h3 Nf6 13. d5 g5 14. f4 g4 15. Nd4 O-O 16. Kh2 Qe8 17. Nce2 Qg6 18. Ng3 Bd7 19. Rae1 Rae8 20. Bf2 Nh5 21. Ne6 Bxe6 22. Rxe6 Bf6 {Schiffer,K (2320)-Haub,T (2315) Germany 1991 ½-½ (66)}) ({RR} 8. Qd2 a6 9. Nge2 Nf6 10. f3 g5 11. h4 gxh4 12. Rxh4 Ng6 13. Rh2 Ng8 14. Ng3 c5 15. d5 Qa5 16. Nh5 Bxc3 17. bxc3 e5 18. Rb1 Rb8 19. Qb2 Qc7 20. Qb6 Qxb6 21. Rxb6 Kd7 22. g3 Kc7 {Vetter,H (2220)-Haub,T (2315) Germany 1991 1-0 (63)}) 8... Nc6 9. Bc2 Nb6 10. b3 Bd7 11. Qd2 a5 12. O-O Nb4 13. Bb1 Nc8 14. a3 Nc6 15. Bc2 N6e7 16. Rad1 a4 17. b4 Nb6 18. Bd3 d5 19. exd5 exd5 20. c5 Nc4 21. Bxc4 dxc4 22. d5 Nf5 23. Nd4 Qh4 24. c6 bxc6 25. dxc6 Be6 26. Nxe6 fxe6 27. Qd7+ Kf8 28. Nb5 Kg8 29. Nxc7 Kh7 30. Nxa8 Rxa8 31. c7 Qe4 32. Bc5 c3 33. c8=Q Rxc8 34. Qxc8 Nh4 35. f3 Qe2 36. Bf2 c2 37. Rde1 Nxf3+ 38. gxf3 Qxf3 39. Qxc2 h5 40. Re3 Qf6 41. Qe4 1-0

[Event "45th FIDE Chess Olympiad Open"]
[Site "Budapest, Hungary"]
[Date "2024.09.11"]
[Round "1.51"]
[White "Shaw, Jaden"]
[Black "Pichot, Alan"]
[Result "0-1"]
[WhiteElo "2051"]
[BlackElo "2628"]
[PlyCount "80"]
[EventDate "2024.??.??"]
[WhiteTeam "Jamaica"]
[BlackTeam "Spain"]
[WhiteTeamCountry "JAM"]
[BlackTeamCountry "ESP"]
[WhiteClock "0:03:21"]
[BlackClock "0:15:15"]

1. e4 c5 2. Nf3 d6 3. Bb5+ Bd7 4. Bxd7+ Nxd7 5. O-O e6 6. c4 Ne5 7. d3 Ne7 8. Ne1 $146 ({RR} 8. Nc3 N7c6 9. Ne1 g5 10. Rb1 h5 11. a3 Bg7 12. b4 b6 13. Ne2 g4 14. b5 Ne7 15. f4 gxf3 16. Nxf3 Nxf3+ 17. Rxf3 Ng6 18. Nf4 Ne5 19. Rh3 h4 20. Qe2 Bh6 21. Bd2 Qe7 22. Rf1 O-O-O {Swiercz,D (2646)-Sarana,A (2668) chess.com INT 2022 1-0 (41)}) ({RR} 8. b3 N7c6 9. Bb2 Be7 10. Nxe5 dxe5 11. f4 exf4 12. Rxf4 Bf6 13. Bxf6 gxf6 14. Qf1 Qd4+ {0-1 (14) Lyngsjo,H (1980)-Sorensen,H (2430) Vaxjo SWE 2024}) ({RR} 8. Nc3 g6 9. Nxe5 dxe5 10. Bg5 Bg7 11. a3 O-O 12. b4 h6 13. Be3 cxb4 14. axb4 Nc6 15. b5 Nd4 16. Ne2 f5 17. f3 Rf7 18. Nxd4 exd4 19. Bd2 Bf8 20. Re1 f4 21. e5 g5 22. Qe2 Qc7 {Lobanov,S (2507)-Warmerdam,M (2652) chess.com INT 2024 0-1 (45)}) 8... d5 9. exd5 exd5 10. Nf3 N5c6 11. cxd5 Nxd5 12. Qb3 Qd7 13. Nc3 O-O-O 14. Rd1 Be7 15. d4 Qe6 16. Bg5 Bxg5 17. Nxg5 Qf5 18. Nf3 Nf4 19. dxc5 Nxg2 20. Nb5 Nf4 21. Kh1 Nd3 22. Rxd3 Qxd3 23. Nd6+ Rxd6 24. cxd6 Qxb3 25. axb3 Kd7 26. Rd1 f6 27. Rd5 Re8 28. b4 Re2 29. b5 Nd8 30. b4 Rxf2 31. Nd4 Rd2 32. b6 axb6 33. b5 Ne6 34. Nxe6 Rxd5 35. Nxg7 Rxb5 36. h4 Re5 37. h5 b5 38. h6 b4 39. Kg2 b3 40. Kf3 b2 0-1

[Event "45th FIDE Chess Olympiad Open"]
[Site "Budapest, Hungary"]
[Date "2024.09.11"]
[Round "1.52"]
[White "Santos Latasa, Jaime"]
[Black "McKennis, Darren"]
[Result "1-0"]
[WhiteElo "2624"]
[BlackElo "1905"]
[PlyCount "73"]
[EventDate "2024.??.??"]
[WhiteTeam "Spain"]
[BlackTeam "Jamaica"]
[WhiteTeamCountry "ESP"]
[BlackTeamCountry "JAM"]
[WhiteClock "0:40:35"]
[BlackClock "0:02:52"]

1. c4 c6 2. Nf3 d5 3. e3 Nf6 4. Nc3 e6 5. b3 Bd6 6. Bb2 Nbd7 7. Qc2 O-O 8. Be2 a6 9. d4 dxc4 ({RR} 9... Qe7 10. O-O e5 11. dxe5 Nxe5 12. cxd5 cxd5 13. Rad1 Be6 14. Nxe5 Bxe5 15. Bf3 Rac8 16. Qd2 Qc7 17. Rc1 Qd6 18. g3 Rfd8 19. Rfd1 Bf5 20. Nxd5 Rxc1 21. Qxc1 Ne4 22. Bxe4 Bxe4 23. Bxe5 Qxe5 24. Nc3 {Moiseenko,A (2670)-Vysochin,S (2531) Chess.com INT 2017 ½-½ (65)}) 10. bxc4 c5 ({RR} 10... e5 11. O-O exd4 12. exd4 Re8 13. Rad1 Nf8 14. Rfe1 Ng6 15. g3 Bg4 16. Ng5 Bxe2 17. Rxe2 Qd7 18. Rde1 Rxe2 19. Rxe2 h6 20. Nge4 Nxe4 21. Nxe4 Bf8 22. f3 Rd8 23. Kg2 b5 24. Nf2 Re8 25. Re4 {Mkrtchian,L (2389)-Toma,K (2224) Durres ALB 2023 1-0 (56)}) 11. O-O Qc7 $146 ({RR} 11... cxd4 12. exd4 b6 13. a4 Bb7 14. Ba3 Bxa3 15. Rxa3 Rc8 16. Nd2 Qe7 17. Qb2 Qd6 18. Nd1 a5 19. c5 Qc6 20. Ne3 bxc5 21. Bf3 Nd5 22. dxc5 Qa6 23. Bxd5 Bxd5 24. Nxd5 exd5 25. Rg3 g6 26. Qd4 {Ree,H (2475)-Kupreichik,V (2570) Hastings 1982 0-1 (40)}) ({RR} 11... b6 12. Rfd1 Bb7 13. a4 cxd4 14. exd4 Qc7 15. h3 Rfc8 16. Nd2 Nf8 17. Bf1 Ng6 18. Qb3 Nf4 19. Re1 Nxh3+ {0-1 (19) Malaniuk,V (2572)-Mueller,M (2384) Bydgoszcz 2000}) ({RR} 11... cxd4 12. exd4 b6 13. a4 Bb7 14. a5 Rc8 15. Qb3 Bxf3 16. Bxf3 bxa5 17. c5 Bb8 18. Na4 Qc7 19. g3 Ba7 20. Bc1 Nb8 21. Bf4 Qd7 22. Bd6 Rfd8 23. Bb7 Nc6 24. Bxc8 Rxc8 25. Rad1 Ne8 26. Be5 {Kaliksteyn,A-Alexopoulos,G (2235) New York 1993 1-0}) 12. d5 exd5 13. Nxd5 Nxd5 14. cxd5 Re8 15. a4 b6 16. Rfd1 Nf8 17. h3 Bd7 18. Nd2 Be5 19. Bxe5 Qxe5 20. Nc4 Qf6 21. a5 Bf5 22. Qc1 Nd7 23. axb6 Nxb6 24. Ra5 Nd7 25. f3 Qg5 26. e4 Qxc1 27. Rxc1 Bg6 28. g4 f6 29. Rca1 Reb8 30. Rxa6 Rxa6 31. Rxa6 Kf8 32. Ra7 Ke7 33. Kf2 Bf7 34. Na5 Rb6 35. Nb7 Ke8 36. Bb5 Bg6 37. Bc6 1-0

[Event "45th FIDE Chess Olympiad Open"]
[Site "Budapest, Hungary"]
[Date "2024.09.11"]
[Round "1.53"]
[White "Bacrot, Etienne"]
[Black "Espinoza Solano, Jose Nahum"]
[Result "1-0"]
[WhiteElo "2665"]
[BlackElo "2156"]
[PlyCount "115"]
[EventDate "2024.??.??"]
[WhiteTeam "France"]
[BlackTeam "Nicaragua"]
[WhiteTeamCountry "FRA"]
[BlackTeamCountry "NCA"]
[WhiteClock "0:17:19"]
[BlackClock "0:30:35"]

1. e4 e5 2. Nf3 Nc6 3. Bb5 d6 4. d4 Bd7 5. Nc3 exd4 6. Nxd4 Nf6 7. O-O Be7 8. Bxc6 bxc6 9. b3 O-O 10. Bb2 Re8 11. Qd3 ({RR} 11. h3 Bf8 12. Re1 c5 13. Nf3 Bc6 14. Qd3 Qd7 15. Nd5 Nxd5 16. exd5 Bb7 17. Ng5 f5 18. Ne6 Qf7 19. Re3 Re7 20. Rf3 Rxe6 21. dxe6 Qxe6 22. Qxf5 Qxf5 23. Rxf5 Be4 24. Rf4 Bxc2 25. Rc1 Bg6 {Mastrovasilis,A (2536)-Theodorou,N (2449) Porto Rio 2015 1-0 (51)}) ({RR} 11. f4 c5 12. Nf5 Bxf5 13. exf5 Qd7 14. Qd3 d5 15. Rad1 d4 16. Ne2 Nd5 17. Rf3 Bf6 18. Ng3 Qc6 19. Nh5 Nb4 20. Qc4 Qd5 21. Nxf6+ gxf6 22. Qxd5 Nxd5 23. Ba3 Re2 24. Rf2 Rxf2 25. Kxf2 Nc3 {Fernandez Bustamante,L (2080)-Pace,C (2053) chess.com INT 2023 ½-½ (81)}) 11... c5 12. Nde2 Bf8 13. Nf4 Bc6 $146 ({RR} 13... g6 14. Ncd5 Bg7 15. Nxf6+ Bxf6 16. Bxf6 Qxf6 17. Nd5 Qd8 18. Qc3 Re6 19. Rfe1 Bc6 20. Rad1 Bxd5 21. exd5 Rxe1+ 22. Rxe1 Qd7 23. Qe3 Kf8 24. Qh6+ Kg8 25. Qe3 Kf8 26. Kf1 Re8 27. Qxe8+ Qxe8 28. Rxe8+ {Siepelt,H-Kraft,G Wuerzburg 1989 1-0 (41)}) 14. Ncd5 Nxe4 15. Rfe1 Bxd5 16. Nxd5 c6 17. Rxe4 cxd5 18. Rxe8 Qxe8 19. Qxd5 Rd8 20. Qd3 d5 21. Bc3 Qe4 22. Re1 Qxd3 23. cxd3 Bd6 24. Kf1 Kf8 25. h3 f6 26. Ba5 Re8 27. Rc1 Ke7 28. d4 Rc8 29. dxc5 Rxc5 30. Bd2 Rxc1+ 31. Bxc1 Kd7 32. Ke2 a6 33. Kd3 Kc6 34. Bb2 Bc5 35. f4 Bd6 36. f5 Bc5 37. g4 Bd6 38. Ke3 Kb5 39. g5 Be7 40. Kd3 Kc6 41. gxf6 gxf6 42. a4 Kd7 43. Bd4 Kc6 44. Bc3 Bd8 45. Bd4 Be7 46. Ke2 Kd7 47. Kf3 Kd8 48. Kg4 Ke8 49. Bc3 Bd8 50. b4 Kd7 51. Kh5 d4 52. Bxd4 Kd6 53. Kh6 Kd5 54. Kxh7 Kxd4 55. h4 Kc4 56. h5 Bb6 57. h6 Be3 58. b5 1-0

[Event "45th FIDE Chess Olympiad Open"]
[Site "Budapest, Hungary"]
[Date "2024.09.11"]
[Round "1.54"]
[White "Alfaro, William"]
[Black "Maurizzi, Marc`Andria"]
[Result "0-1"]
[WhiteElo "2133"]
[BlackElo "2595"]
[PlyCount "104"]
[EventDate "2024.??.??"]
[WhiteTeam "Nicaragua"]
[BlackTeam "France"]
[WhiteTeamCountry "NCA"]
[BlackTeamCountry "FRA"]
[WhiteClock "0:07:09"]
[BlackClock "0:48:41"]

1. d4 Nf6 2. c4 e6 3. Nf3 c5 4. d5 d6 5. Nc3 exd5 6. cxd5 g6 7. h3 Bg7 8. e4 O-O 9. Bd3 Nbd7 10. O-O a6 11. a4 Ne8 ({RR} 11... b6 12. Re1 Qe7 13. Bf4 Ne8 14. Qd2 Ne5 15. Nxe5 dxe5 16. Be3 f5 17. exf5 gxf5 18. Bg5 Qf7 19. Bh6 Nd6 20. a5 b5 21. Bxg7 Qxg7 22. Qe3 c4 23. Bc2 Re8 24. Qc5 Qe7 25. Re3 f4 26. Re2 {Morozevich,A (2788)-Polgar,J (2711) Mainz 2008 ½-½ (67)}) 12. Bf4 b6 ({RR} 12... Qe7 13. Re1 Ne5 14. Be2 Rb8 15. a5 b5 16. axb6 Rxb6 17. Qc2 Nc7 18. Nd2 Rb4 19. Ra4 Rb6 20. Bxe5 Bxe5 21. Nc4 Rb8 22. Na5 Bd7 23. Nc6 Bxc6 24. dxc6 Bxc3 25. Qxc3 Rb6 26. e5 Qxe5 27. Qxe5 {Matveeva,O (2156)-Becerra,J (2309) chess.com INT 2024 0-1 (44)}) 13. Qe2 $146 ({RR} 13. Bh2 Ne5 14. Be2 Nc7 15. Nd2 f5 16. f4 Nf7 17. g4 Re8 18. Kh1 Rb8 19. Nc4 fxe4 20. Qc2 Qh4 21. Kg2 h5 22. Bg3 Qe7 23. Rad1 Bd7 24. b3 b5 25. axb5 axb5 26. Ne3 b4 27. Nb1 Nb5 {Indjic,A (2618)-Rohith,K (2380) chess.com INT 2023 0-1 (84)}) ({RR} 13. Re1 Ne5 14. Nxe5 dxe5 15. Be3 Nd6 16. a5 bxa5 17. Bxc5 Rb8 18. Qe2 f5 19. Bxa6 f4 20. Bxc8 Rxc8 21. Bxd6 Qxd6 22. Rxa5 f3 23. Qa6 Qd8 24. g3 Rf6 25. Qb5 Rb6 26. Qa4 Rxb2 27. Re3 Bf8 {Johansen,T (2233)-Borresen,G (2224) Norway 2015 ½-½ (36)}) ({RR} 13. Re1 f6 14. Rb1 Ne5 15. Be2 Ra7 16. Qd2 a5 17. Nb5 Re7 18. b3 Nf7 19. Bd3 Bh8 20. Na3 Nc7 21. Rbd1 Na6 22. Bb5 Nb4 23. Nc4 Bg7 24. Re2 h6 25. Bg3 g5 26. Rde1 Ne5 27. Nfxe5 fxe5 {Di Cosmo,J (2073)-Rooze,J (2363) Charleroi 2011 0-1 (56)}) 13... Qe7 14. Rae1 Ne5 15. Nxe5 dxe5 16. Be3 Qc7 17. Rc1 Nd6 18. Na2 f5 19. f3 a5 20. b3 f4 21. Bf2 g5 22. Nc3 h5 23. Nb5 Qd8 24. Nxd6 Qxd6 25. Bb5 Bf6 26. Rfd1 Ra7 27. Kf1 g4 28. hxg4 hxg4 29. Ke1 Bd8 30. Kd2 Rg7 31. Kc2 Rf6 32. Kb1 Rh6 33. Ba6 Bd7 34. Bb5 Rh2 35. Bxd7 Qxd7 36. Rh1 Rxg2 37. Rcg1 Rxg1+ 38. Rxg1 g3 39. Be1 Qh3 40. Qb5 Qd7 41. Bc3 Qxb5 42. axb5 Bc7 43. Kc2 Bd6 44. Kd3 Rh7 45. Kc4 Kf7 46. Bxa5 bxa5 47. b6 Ke7 48. Kb5 Kd7 49. Ra1 g2 50. Rxa5 Bb8 51. Ra8 Kc8 52. Kc6 Rh6+ 0-1

[Event "45th FIDE Chess Olympiad Open"]
[Site "Budapest, Hungary"]
[Date "2024.09.11"]
[Round "1.55"]
[White "Fressinet, Laurent"]
[Black "Rocha, Maximiliano"]
[Result "1/2-1/2"]
[WhiteElo "2616"]
[BlackElo "2156"]
[PlyCount "63"]
[EventDate "2024.??.??"]
[WhiteTeam "France"]
[BlackTeam "Nicaragua"]
[WhiteTeamCountry "FRA"]
[BlackTeamCountry "NCA"]
[WhiteClock "0:02:08"]
[BlackClock "0:01:01"]

1. d4 d5 2. c4 e6 3. Nf3 Nf6 4. Nc3 h6 5. g3 Nc6 6. Bg2 Bd6 7. O-O O-O 8. c5 ({RR} 8. b3 b6 9. Nb5 Ba6 10. Nxd6 cxd6 11. cxd5 exd5 12. Ba3 Qd7 13. Rc1 Rac8 14. Re1 Ne7 15. Nd2 Rxc1 16. Qxc1 Rc8 17. Qb1 Bb7 18. Rc1 Rxc1+ 19. Qxc1 Ba6 20. e3 Bb5 21. Qc2 a5 22. h3 Ba6 {Aronian,L (2781)-Carlsen,M (2862) chess24.com INT 2020 ½-½ (54)}) 8... Be7 9. Bf4 b6 ({RR} 9... g5 10. Bc1 Ne4 11. Be3 Bf6 12. Qd3 Nxc3 13. Qxc3 Re8 14. Rad1 a5 15. Ne5 Ne7 16. f4 Nf5 17. Bc1 Rf8 18. e4 dxe4 19. Bxe4 Ng7 20. Bb1 Re8 21. Qc2 b6 22. Nc6 Qd7 23. Qh7+ Kf8 24. Qh8# {Tagkaloglou,S (1898)-Lampos,C (1857) Trikala GRE 2024 1-0}) 10. cxb6 cxb6 $146 ({RR} 10... axb6 11. Rc1 Ba6 12. a3 Na5 13. Bxc7 Qxc7 14. Nxd5 Qd8 15. Nc7 Ra7 16. Nxa6 Rxa6 17. Ne5 Nd5 18. e4 Nf6 19. b4 Nb7 20. Nc6 Qd7 21. e5 Nd5 22. Qd3 Rfa8 23. Nb8 Rxb8 24. Qxa6 Nd8 25. Rc2 {Goncalves,D (2282)-Sahakyan,A (2343) chess.com INT 2023 0-1 (47)}) 11. Ne5 Bb7 12. Rc1 Rc8 13. h4 Nh5 14. Be3 Nf6 15. Qd3 Nd7 16. f4 Na5 17. Bf2 Nc4 18. Nxc4 dxc4 19. Qd1 Bxg2 20. Kxg2 Nf6 21. e4 h5 22. Qf3 Bb4 23. Ne2 Qd7 24. a3 Ba5 25. Be1 Bxe1 26. Rfxe1 b5 27. e5 Ng4 28. Rcd1 a5 29. Nc3 b4 30. Ne4 Rc6 31. Nc5 Qc8 32. axb4 1/2-1/2

[Event "45th FIDE Chess Olympiad Open"]
[Site "Budapest, Hungary"]
[Date "2024.09.11"]
[Round "1.56"]
[White "Sanchez, Steven"]
[Black "Lagarde, Maxime"]
[Result "0-1"]
[WhiteElo "2072"]
[BlackElo "2598"]
[PlyCount "106"]
[EventDate "2024.??.??"]
[WhiteTeam "Nicaragua"]
[BlackTeam "France"]
[WhiteTeamCountry "NCA"]
[BlackTeamCountry "FRA"]
[WhiteClock "0:13:19"]
[BlackClock "0:13:21"]

1. d4 Nf6 2. Bf4 d6 3. Nf3 Nbd7 4. Nc3 c5 5. e3 ({RR} 5. d5 g6 6. e4 Bg7 7. Bd3 O-O 8. O-O a6 9. a4 Ng4 10. Qd2 Nge5 11. Nxe5 Nxe5 12. Be2 e6 13. Rfd1 exd5 14. Nxd5 Be6 15. a5 Rb8 16. Nb6 f5 17. Qxd6 Qxd6 18. Rxd6 Rbe8 19. Be3 Nf7 {Grischuk,A (2732)-Sanal,V (2567) chess.com INT 2024 0-1 (66)}) 5... a6 6. a4 d5 $146 ({RR} 6... b6 7. d5 Bb7 8. Bc4 g6 9. O-O Bg7 10. h3 O-O 11. e4 Nh5 12. Bh2 Ne5 13. Be2 Nxf3+ 14. Bxf3 Nf6 15. Qd2 Nd7 16. Be2 f5 17. exf5 Rxf5 18. Bg4 Rf8 19. Rae1 Ne5 20. Be6+ Kh8 21. b3 {Erdos,V (2546)-Andrews,T (2168) chess.com INT 2024 1-0 (65)}) 7. Ne5 e6 8. Be2 Qb6 9. Ra2 Bd6 10. a5 Qc7 11. Bb5 O-O 12. Bxd7 Nxd7 13. Nxd7 Bxd7 14. Bxd6 Qxd6 15. O-O Qc7 16. f4 f5 17. Rf2 Rfc8 18. h3 b6 19. g4 fxg4 20. Qxg4 cxd4 21. exd4 Rf8 22. f5 exf5 23. Qf3 Rae8 24. axb6 Qxb6 25. Nxd5 Re1+ 26. Kh2 Qxd4 27. Rxa6 Kh8 28. Rd6 Be6 29. Qf4 Re4 30. Qd2 Qe5+ 31. Nf4 Bg8 32. Kg2 Qxb2 33. Rd3 Rc8 34. Qd1 Rxf4 35. Rxf4 Rxc2+ 36. Kf3 Qb7+ 37. Ke3 Qe7+ 38. Kf3 Qc5 39. Kg3 Qc7 40. Kf3 Qc6+ 41. Ke3 Qe8+ 42. Kf3 Qh5+ 43. Kg3 Qg5+ 44. Rg4 f4+ 45. Kf3 Qc5 46. Qg1 Bd5+ 47. Rxd5 Qxd5+ 48. Kxf4 g5+ 49. Rxg5 Rc4+ 50. Ke3 Qe4+ 51. Kf2 Qf4+ 52. Ke2 Re4+ 53. Kd1 Qf3+ 0-1

[Event "45th FIDE Chess Olympiad Open"]
[Site "Budapest, Hungary"]
[Date "2024.09.11"]
[Round "1.57"]
[White "Barbaria, Yacine"]
[Black "Volokitin, Andrei"]
[Result "0-1"]
[WhiteElo "2179"]
[BlackElo "2660"]
[PlyCount "84"]
[EventDate "2024.??.??"]
[WhiteTeam "Tunisia"]
[BlackTeam "Ukraine"]
[WhiteTeamCountry "TUN"]
[BlackTeamCountry "UKR"]
[WhiteClock "0:00:55"]
[BlackClock "0:01:01"]

1. e4 c5 2. Nc3 e6 3. f4 d5 4. Bb5+ Bd7 5. Bxd7+ Qxd7 6. d3 Nc6 7. Nf3 g6 8. O-O Nge7 9. Qe1 Bg7 10. Bd2 ({RR} 10. Nd1 O-O 11. Ne3 f5 12. e5 b5 13. Kh1 a5 14. c3 b4 15. d4 cxd4 16. cxd4 Rfc8 17. Qf2 Nd8 18. Bd2 Qb5 19. h3 Bf8 20. g4 Qd3 21. Kh2 Rc7 22. Rad1 Qb5 23. gxf5 exf5 24. h4 Bh6 {Masague Artero,G (2305)-Efremov,V (2296) chess.com INT 2023 0-1 (41)}) 10... Nd4 11. Rc1 O-O 12. Ne5 $146 ({RR} 12. Nd1 Rfd8 13. Nxd4 cxd4 14. Nf2 dxe4 15. dxe4 f5 16. e5 Rac8 17. a3 Rc4 18. Qd1 Nd5 19. Nd3 Bf8 20. Rf3 Rdc8 21. h4 h5 22. Kh2 Kh7 23. Ne1 Be7 24. Kh3 Rd8 25. Rd3 Qc8 26. Qf3 b5 {Canonne,A (1908)-Kirby,P (2004) Vale 2019 ½-½}) 12... Qd6 13. Ne2 dxe4 14. Nxd4 Qxd4+ 15. Be3 Qxb2 16. Bxc5 Rfe8 17. Qxe4 Nd5 18. c4 f5 19. Qd4 Qxd4+ 20. Bxd4 Nb4 21. Rb1 a5 22. a3 Nxd3 23. Rxb7 Red8 24. Bb6 Rdb8 25. Rxb8+ Rxb8 26. c5 Nxe5 27. fxe5 Bxe5 28. Rd1 Rc8 29. a4 Bc3 30. Kf2 e5 31. Ke3 Kf7 32. Kd3 Bb4 33. Kc4 e4 34. Rc1 Ke6 35. Rc2 Ke5 36. Kb5 e3 37. c6 Bd2 38. Bxa5 Bxa5 39. Kxa5 Kd6 40. Kb6 Rb8+ 41. Ka7 Kc7 42. g3 g5 0-1

[Event "45th FIDE Chess Olympiad Open"]
[Site "Budapest, Hungary"]
[Date "2024.09.11"]
[Round "1.59"]
[White "Meftahi, Houssem"]
[Black "Korobov, Anton"]
[Result "0-1"]
[WhiteElo "2112"]
[BlackElo "2650"]
[PlyCount "50"]
[EventDate "2024.??.??"]
[WhiteTeam "Tunisia"]
[BlackTeam "Ukraine"]
[WhiteTeamCountry "TUN"]
[BlackTeamCountry "UKR"]
[WhiteClock "0:05:11"]
[BlackClock "0:36:54"]

1. e4 c5 2. Nf3 d6 3. d4 cxd4 4. Nxd4 Nf6 5. Nc3 a6 6. Bc4 e6 7. Bb3 Be7 8. Bg5 O-O 9. f4 b5 ({RR} 9... Nc6 10. Qd3 h6 11. h4 Nxd4 12. Qxd4 hxg5 13. hxg5 Nh7 14. O-O-O Nxg5 15. fxg5 Bxg5+ 16. Kb1 Qf6 17. Qd3 g6 18. Qh3 Qg7 19. e5 dxe5 20. Ne4 Be7 21. g4 g5 22. Rd2 b5 23. c3 Bb7 24. Bc2 {Horvath,T (2435)-Likavsky,T (2470) Salgotarjan 2003 ½-½}) ({RR} 9... h6 10. Bh4 Nxe4 11. Bxe7 Nxc3 12. Bxd8 Nxd1 13. Be7 Re8 14. Bxd6 Ne3 15. Kf2 Ng4+ 16. Kf3 Rd8 17. Bc5 e5 18. fxe5 Nxe5+ 19. Kg3 Nbc6 20. Rad1 Nxd4 21. Bxd4 Nc6 22. Bb6 Re8 23. Rhf1 Be6 24. Bxe6 {Hernandez,R (1625)-Zometa,M (1865) San Salvador 2022 ½-½ (67)}) 10. Qf3 $146 ({RR} 10. a3 Bb7 11. Qe2 h6 12. Bh4 Nbd7 13. O-O-O Nc5 14. Bxf6 Bxf6 15. e5 Be7 16. Kb1 Qb6 17. Rhe1 dxe5 18. fxe5 Rad8 19. Qg4 b4 20. axb4 Qxb4 21. Na2 Qb6 22. Qe2 Rxd4 23. Rxd4 Nxb3 24. Rd7 Nd4 {Barriera,F-Polugaevsky,L Siegen 1970 0-1}) ({RR} 10. Qd3 b4 11. Nce2 Nbd7 12. Nc6 Qe8 13. Qd4 e5 14. Qxb4 Nc5 15. fxe5 dxe5 16. Nxe7+ Qxe7 17. O-O a5 18. Qa3 Ba6 19. Rf2 Qa7 20. Bxf6 Nxe4 21. Bh4 Bxe2 22. Bd5 Nxf2 23. Bxf2 Qc7 24. Bxa8 Rxa8 {Lallement,V (2074)-Piquemal,C (2083) France 2007 1-0 (59)}) 10... Bb7 11. O-O-O b4 12. Bxf6 Bxf6 13. Nce2 a5 14. Ba4 Na6 15. g4 Rc8 16. Bb5 Nc5 17. Bd3 e5 18. g5 Bxg5 19. fxg5 Qxg5+ 20. Kb1 exd4 21. Nxd4 Qe5 22. Nf5 Na4 23. c3 Nxb2 24. Kxb2 Rxc3 25. Kb1 Rxd3 0-1

[Event "45th FIDE Chess Olympiad Open"]
[Site "Budapest, Hungary"]
[Date "2024.09.11"]
[Round "1.60"]
[White "Onyshchuk, Volodymyr"]
[Black "Amdouni, Zoubaier"]
[Result "1-0"]
[WhiteElo "2610"]
[BlackElo "2151"]
[PlyCount "85"]
[EventDate "2024.??.??"]
[WhiteTeam "Ukraine"]
[BlackTeam "Tunisia"]
[WhiteTeamCountry "UKR"]
[BlackTeamCountry "TUN"]
[WhiteClock "0:38:13"]
[BlackClock "0:28:44"]

1. e4 c5 2. Nf3 Nc6 3. Bb5 g6 4. Bxc6 dxc6 5. h3 Bg7 6. d3 Nf6 7. Nc3 Nd7 8. Be3 e5 9. Qd2 h6 10. O-O b6 11. Nh2 Nf8 12. f4 exf4 13. Bxf4 Be6 ({RR} 13... Ne6 14. Bg3 Qg5 15. Qe1 Nd4 16. Qf2 O-O 17. Bd6 Bxh3 18. Bf4 Qxg2+ 19. Qxg2 Bxg2 20. Kxg2 Nxc2 21. Rad1 Rad8 22. Rf2 Nb4 23. Rfd2 f5 24. Bg3 fxe4 25. dxe4 Rxd2+ 26. Rxd2 c4 27. Rd6 Rf6 28. Rd8+ {Amin,B (2707)-Wang,H (2737) Danzhou 2019 ½-½ (55)}) ({RR} 13... Ne6 14. Be3 Nd4 15. Rae1 Qh4 16. e5 Be6 17. Ne4 Bxe5 18. Ng4 Bxg4 19. Nf6+ Kd8 20. Nxg4 Bg3 21. Bxd4 cxd4 22. Rxf7 h5 23. Qe2 {1-0 (23) Perez Perez,G (2170)-Segura Marsa,A (1980) Santa Cruz de La Palma ESP 2024}) 14. Nf3 g5 15. Bh2 $146 ({RR} 15. Bg3 Ng6 16. Rae1 O-O 17. e5 Bd5 18. Ne4 Bxe4 19. Rxe4 f5 20. exf6 Qxf6 21. b3 Rae8 22. Qe2 Re7 23. Kh2 Nf4 24. Qe1 Rxe4 25. Qxe4 Nh5 26. Nd2 Nxg3 27. Qc4+ Kh8 28. Rxf6 Bxf6 29. Qe6 Nh5 {Forcen Esteban,D (2580)-Masague Artero,G (2308) Linares 2022 1-0 (40)}) ({RR} 15. Be3 Nd7 16. d4 cxd4 17. Nxd4 Qc7 18. Nxe6 fxe6 19. Qe2 O-O-O 20. Rf7 Be5 21. Raf1 Rhf8 22. Qg4 Qd6 23. a4 Rxf7 24. Rxf7 Rf8 25. Rxf8+ Nxf8 26. a5 Kb7 27. axb6 axb6 28. Qf3 Ng6 29. Qf2 c5 {Saito,V (2147)-Yashmetov,M (2307) chess.com INT 2023 ½-½ (42)}) ({RR} 15. Be3 Qd7 16. d4 cxd4 17. Bxd4 f6 18. Rad1 Ng6 19. Qf2 Qc7 20. Be3 O-O 21. Nd4 Bc4 22. Nce2 Rae8 23. Nf5 Rxe4 24. Nd6 Bxe2 25. Qxe2 Re5 26. Qc4+ Kh7 27. Nf5 Ne7 28. Qd3 Nxf5 29. Rxf5 Kh8 {Munoz Garcia,J (1957)-Masague Artero,G (2179) Salobrena 2019 0-1 (54)}) 15... Ng6 16. Rae1 f6 17. Nd1 Qd7 18. Ne3 O-O-O 19. Nf5 Bxf5 20. exf5 Ne7 21. g4 h5 22. Re6 hxg4 23. hxg4 Nd5 24. Rfe1 Bf8 25. R1e4 Rh6 26. Qe1 Nc7 27. Bxc7 Qxc7 28. Re8 Qd7 29. R4e6 Bd6 30. Rxd8+ Kxd8 31. Nxg5 Bh2+ 32. Kg2 Be5 33. Nf3 Qh7 34. Rxe5 fxe5 35. g5 Rd6 36. Qxe5 Qe7 37. Qf4 Rd5 38. f6 Qd6 39. Qe4 c4 40. f7 Qe7 41. Qf4 Qf8 42. g6 cxd3 43. Qf6+ 1-0